000
00195 a2200085 4500
020
_a
9788957705087
100
_a
Archiworld
245
_a
Detail + Interior + Architecture Vol 10
260
_b
Archiworld
999
_c
13519
_d
13519